• 首页
  • 本馆介绍
  • 公告通知
  • 最新文献
  • 馆藏检索
  • 电子资源
  • 读者导购
  • 参考咨询
  • 我的图书馆
  • 登录
  • 详细信息显示
  • 放入我的书架
  • 预约/预借图书
  • 作者相关作品
  • 分类相关作品
  • 丛书相关作品
  • 出版社相关作品

书目信息

  • 表格格式
  • 工作单格式
  • 卡片格式
题名:
数值天气预报产品释用实习教程
    
 
作者: 谭桂容 , 郭志荣 , 陈旭红 编著
分册:  
出版信息: 北京   气象出版社  2017.12
页数: 258页
开本: 23cm
丛书名:
单 册:
中图分类: P456.7
科图分类:
主题词: 数值预报产品--高等学校--教材
电子资源:
ISBN: 978-7-5029-6706-2
000 00969nam0 2200253 450
001 5285
005 20181014170200.87
010    @a978-7-5029-6706-2@dCNY45.00
100    @a20180412d2017 em y0chiy50 ea
101 0  @achi
102    @aCN@b110000
105    @ab z 000yy
200 1  @a数值天气预报产品释用实习教程@9shu zhi tian qi yu bao chan pin shi yong shi xi jiao cheng@f谭桂容,郭志荣,陈旭红编著
210    @a北京@c气象出版社@d2017.12
215    @a258页@c地图@d23cm
300    @a江苏省高校品牌专业建设工程资助项目 江苏高校优势学科建设工程资助项目资助
330    @a本书在介绍现代数值天气预报业务、数值天气预报产品及其性能基础上,总结了数值天气预报产品检验评估方法、数值天气预报产品释用方法及其应用。
606 0  @a数值预报产品@x高等学校@j教材
690    @aP456.7@v5
701  0 @a谭桂容@9tan gui rong@4编著
701  0 @a郭志荣@9guo zhi rong@4编著
701  0 @a陈旭红@9chen xu hong@4编著
801  0 @aCN@b91MARC@c20180412
905    @aMuseLib@dP456.7@e131
    
    数值天气预报产品释用实习教程/谭桂容,郭志荣,陈旭红编著.-北京:气象出版社,2017.12
    258页:地图;23cm
    江苏省高校品牌专业建设工程资助项目 江苏高校优势学科建设工程资助项目资助
    
    ISBN 978-7-5029-6706-2:CNY45.00
    本书在介绍现代数值天气预报业务、数值天气预报产品及其性能基础上,总结了数值天气预报产品检验评估方法、数值天气预报产品释用方法及其应用。
●
相关链接 在E读中查询图书 在五车中查询图书 在当当中查询图书 在豆瓣中查询图书


正题名:数值天气预报产品释用实习教程     索取号:P456.7/131         预约/预借

序号 登录号 条形码 馆藏地/架位号 状态 备注
1 1128984   211289844   第二样本阅览室/ [索取号:P456.7/131] 在馆    
2 1128985   211289853   第三借阅区/ [索取号:P456.7/131] 在馆    
3 1128986   211289862   第三借阅区/ [索取号:P456.7/131] 在馆    
4 1128987   211289871   密集书库-生命科学系/ [索取号:P456.7/131] 在馆    
5 1128988   211289880   第三借阅区/ [索取号:P456.7/131] 在馆    
唐山师范学院图书馆 欢迎您!
大连网信软件有限公司© 版权所有